000
00300nam a22001337a 4500
008
181017b xxu||||| |||| 00| 0 eng d
020
_a
9780716754664
041
_a
eng
080
_a
159.9
100
_a
48
101
_a
PSI
245
_a
Invitation to the Life Span
_c
Berger,K.S
942
_2
udc
_c
BK
999
_c
50038
_d
50038